Choď a nelúč sa

Podrobná bibliografia
Hlavný autor: Viskup, Peter (Autor)
Médium: Článok
Jazyk:slovenčina
PhysicalDescription:Obr. 2.
Predmet:

MARC

LEADER 00000nab a2200000 a 4500
001 vtls000035730
003 SK-MaSNL
005 20260304062153.0
008 250422c1979 xo 0 slo
015 |a SNBRB19rr/mm-uuuuu 
035 |a CL0045825 
035 |a urn:nbn:sk:snk-abdk3d 
035 |a (urnnbn)urn:nbn:sk:snk:ar-0015zm 
035 |a (uuid)fd7d3f47-7963-4e45-b316-5777e342e69b 
040 |a SNKBUCL  |b slo  |c SNKBUCL  |e AACR2 
041 0 |a slo 
044 |a xo  |c SK 
080 |a 791.4  |2 1981 
100 1 |a Viskup, Peter  |4 aut  |9 954223 
245 1 0 |a Choď a nelúč sa  |c Peter Viskup 
300 |b Obr. 2. 
630 0 7 |a Choď a nelúč sa (film)  |2 snkbucl  |9 1004842 
650 0 7 |a slovenské filmy  |2 snkbucl  |9 317290 
655 7 |a recenzie  |2 snkbucl  |9 21907 
655 7 |a články z novín a časopisov  |2 snkbucl  |9 267496 
773 0 |t Film a divadlo  |g Roč. 23, č. 16 (1979), s. 16-17 
850 |a Slovenská národná knižnica 
852 |a Slovenská národná knižnica 
954 |a odborná, vedecká literatúra pôvodná (slovenská)  |2 lita 
958 |a article19 
958 |a OND 
958 |a RK 
958 |a EUIPO 
992 |a RBX 
999 |c 2736821  |d 2738751